Normal view
MARC view
- تاليف مانير، يهودا؛ ترجمة الرز، مصطفى
Entry Personal Name
001 - CONTROL NUMBER
- control field: 19284
003 - CONTROL NUMBER IDENTIFIER
- control field: JO-AjAnu
005 - DATE AND TIME OF LATEST TRANSACTION
- control field: 20230606073355.0
008 - FIXED-LENGTH DATA ELEMENTS
- fixed length control field: 230606|| aca||aabn | a|a d
040 ## - CATALOGING SOURCE
- Original cataloging agency: JO-AjAnu
- Transcribing agency: JO-AjAnu
100 ## - HEADING--PERSONAL NAME
- Personal name: تاليف مانير، يهودا؛ ترجمة الرز، مصطفى
670 ## - SOURCE DATA FOUND
- Source citation: Work cat.: (JO-AjAnu)9901: تاليف مانير، يهودا؛ ترجمة الرز، مصطفى, author, العلاقات المدنية - العسكرية في إسرائيل